[Event "Regionalliga Sued-Ost 1718"]
[Site "Bayern"]
[Date "2018.04.15"]
[Round "9.7"]
[White "Krause, Christian"]
[Black "Gosebrink, Ralf"]
[Result "1/2-1/2"]
[WhiteElo "1936"]
[BlackElo "1992"]
[PlyCount "113"]
[EventDate "2017.10.22"]
[EventType "team-tourn"]
[EventRounds "9"]
[EventCountry "GER"]
[SourceTitle "EXT 2022"]
[Source "ChessBase"]
[SourceDate "2021.10.06"]
[SourceVersion "1"]
[SourceVersionDate "2021.10.06"]
[SourceQuality "1"]
[WhiteTeam "Ebersberg Grafing"]
[BlackTeam "Germering"]
[WhiteTeamCountry "GER"]
[BlackTeamCountry "GER"]

1. g3 Nf6 2. Bg2 g6 3. e4 d6 4. c4 c5 5. Nc3 Nc6 6. Nge2 Bg7 7. 0-0 0-0 8. d3 a6 9. a3 Rb8 10. Rb1 b5 11. cxb5 axb5 12. b4 cxb4 13. axb4 Bd7 14. h3 Qc8 15. Kh2 e6 16. f4 Ne8 17. Qe1 Nd4 18. Nxd4 Bxd4 19. Ne2 Qc2 20. Nxd4 Qxb1 21. Qd2 Qa1 22. Bb2 Qa7 23. e5 Rc8 24. Nb3 Qc7 25. Rc1 Qd8 26. exd6 Nxd6 27. Nc5 Qe7 28. Bf6 Qxf6 29. Nxd7 Qd4 30. Nxf8 Rxc1 31. Qxc1 Kxf8 32. Qc5 Qxd3 33. Bf1 Qd5 34. Kg1 Kg7 35. Qc3+ Kg8 36. Bg2 Qc4 37. Qd2 Nf5 38. Kf2 Nd4 39. Bf1 Qd5 40. Bg2 Qd6 41. Be4 e5 42. fxe5 Qxe5 43. Qe3 h5 44. h4 Ne6 45. Bd3 Qf6+ 46. Kg2 Nd4 47. Qf4 Kg7 48. Qe3 Qd6 49. Qe1 f5 50. Qc3 Kf7 51. Bb1 Qd5+ 52. Kf2 Qe5 53. Qd2 Ke6 54. Ba2+ Kd6 55. Bf7 Qe4 56. Qf4+ Qxf4+ 57. gxf4 1/2-1/2

[Event "Regionalliga SO 0001"]
[Site "Bayern"]
[Date "2001.02.18"]
[Round "6.8"]
[White "Gosebrink, Ralf"]
[Black "Jansen, Frank"]
[Result "0-1"]
[WhiteElo "2045"]
[BlackElo "1970"]
[PlyCount "60"]
[EventDate "2000.10.15"]
[EventType "team-tourn"]
[EventRounds "9"]
[EventCountry "GER"]
[SourceTitle "EXT 2020"]
[Source "ChessBase"]
[SourceDate "2019.10.17"]
[SourceVersion "1"]
[SourceVersionDate "2019.10.17"]
[SourceQuality "1"]
[WhiteTeam "Unterpfaff Germering"]
[BlackTeam "Starnberg SC"]
[WhiteTeamCountry "GER"]
[BlackTeamCountry "GER"]

1. e4 c5 2. Nf3 d6 3. d4 cxd4 4. Nxd4 Nf6 5. Nc3 g6 6. Be3 Bg7 7. f3 0-0 8. Qd2 Nc6 9. 0-0-0 d5 10. exd5 Nxd5 11. Nxd5 Qxd5 12. c4 Qa5 13. Qxa5 Nxa5 14. Be2 Bd7 15. Nc2 Be6 16. b3 Nc6 17. Nd4 Nxd4 18. Bxd4 a5 19. Bxg7 Kxg7 20. f4 Rfc8 21. Bf3 Rab8 22. a4 b5 23. axb5 Rxb5 24. Kc2 a4 25. Rd4 Rxb3 26. Be2 Bf5+ 27. Kd2 Rb2+ 28. Ke3 Rc6 29. Bf3 Re6+ 30. Be4 Rxe4+ 0-1

[Event "Regionalliga SO 9596"]
[Site "Bayern"]
[Date "1996.04.21"]
[Round "8"]
[White "Gosebrink, Ralf"]
[Black "Hahn, Winfried"]
[Result "1/2-1/2"]
[WhiteElo "1840"]
[BlackElo "1925"]
[PlyCount "20"]
[EventDate "1995.10.15"]
[EventType "team-tourn"]
[EventRounds "9"]
[EventCountry "GER"]
[SourceTitle "EXT 1999"]
[Source "ChessBase"]
[SourceDate "1998.11.16"]
[SourceVersion "1"]
[SourceVersionDate "1998.11.16"]
[SourceQuality "1"]
[WhiteTeam "Unterpfaff Germering"]
[BlackTeam "Passau II"]
[WhiteTeamCountry "GER"]
[BlackTeamCountry "GER"]

1. c4 Nf6 2. Nc3 e6 3. d4 Bb4 4. e3 c5 5. Nf3 d6 6. a3 Bxc3+ 7. bxc3 Nc6 8. Be2 0-0 9. 0-0 e5 10. d5 Ne7 1/2-1/2